From school to further education: report (Record no. 494552)

000 -LEADER
fixed length control field 00360cam a22001097a 4500
008 - FIXED-LENGTH DATA ELEMENTS--GENERAL INFORMATION
fixed length control field 180718b1963 xxu||||| |||| 00| 0 eng d
082 ## - DEWEY DECIMAL CLASSIFICATION NUMBER
Classification number P4x42 Un3f
245 ## - TITLE STATEMENT
Title From school to further education: report
Statement of responsibility, etc. by Scottish Education Department
260 ## - PUBLICATION, DISTRIBUTION, ETC.
Place of publication, distribution, etc. Edinburgh
Name of publisher, distributor, etc. Her Majesty's Stationery Office
Date of publication, distribution, etc. 1963
300 ## - PHYSICAL DESCRIPTION
Extent 87p.
700 ## - ADDED ENTRY--PERSONAL NAME
Personal name U.K. Scottish Education Depart
Holdings
Withdrawn status Lost status Damaged status Not for loan Permanent Location Current Location Date acquired Full call number Barcode Date last seen Price effective from Koha item type
        Indian Institute of Public Administration Indian Institute of Public Administration 2018-08-04 P4x42 Un3f G12261 2018-08-04 2018-08-04 G
        Indian Institute of Public Administration Indian Institute of Public Administration 2018-08-04 P4x42 Un3f G4061 2018-08-04 2018-08-04 G

Powered by Koha